[Event "XXXV Abierto Ciudad de Sevilla"]
[Site "?"]
[Date "2010.01.09"]
[Round "2"]
[White "Lalic, Bogdan"]
[Black "Aranaz Murillo, Amalia"]
[Result "1/2-1/2"]
[WhiteElo "2494"]
[BlackElo "2057"]
[PlyCount "67"]
[EventDate "2010.01.08"]
[SourceDate "2010.01.08"]

{Una excelente labor defensiva proporcionó a Amalia unas merecidas tablas ante
un GM} 1. c4 {Diagrama #} c6 2. Nf3 d5 3. e3 Nf6 4. Nc3 a6 5. Qc2 Bg4 6. cxd5
Bxf3 7. gxf3 cxd5 8. Qb3 Qd7 (8... b5 {le hubiera ahorrado al negro los
problemas derivados de su casilla b6, pero posiblemente Amalia no valoró que
tras} 9. a4 b4 $1 10. Qxb4 Nc6 11. Qb3 (11. Qh4 d4) 11... Rb8 12. Qd1 d4 {
el negro tiene gran compensación por el peón}) 9. Na4 {Diagrama #} Ra7 10. Nb6
Qc6 11. d4 Nbd7 12. Nxd7 Qxd7 13. Bd2 e6 14. Rc1 Ra8 15. Bb4 {
Lalic no confía en Ad3 y los mutuos enroques y busca un final} Rc8 16. Rxc8+
Qxc8 17. Kd2 Qc7 18. Bd3 Qb6 19. Qa4+ Nd7 20. Bxf8 Rxf8 21. b4 {la alternativa
era Rc2, Rb1 y Tc1, enrocando corto a la izquierda, aunque no hay ventaja
blanca} Ke7 22. b5 Rc8 23. Qa3+ Qd6 24. Qxd6+ Kxd6 25. bxa6 bxa6 26. Rb1 Rb8
27. Rxb8 Nxb8 28. Kc3 g6 29. Kb4 {Diagrama #} Kc6 {
el negro llegó justa a tiempo} 30. a4 ({si} 30. Ka5 Kb7 31. f4 Nc6+ 32. Ka4 Kb6
) 30... Kb6 31. a5+ Kc6 32. f4 Kd6 33. f3 f6 34. Ka4 1/2-1/2

[Event "XXXV Abierto Ciudad de Sevilla"]
[Site "?"]
[Date "2010.01.09"]
[Round "2"]
[White "Pogorelov, Ruslan"]
[Black "Guidi, Maurizio"]
[Result "1-0"]
[WhiteElo "2474"]
[BlackElo "2042"]
[PlyCount "71"]
[EventDate "2010.01.08"]
[SourceDate "2010.01.08"]

1. Nf3 Nf6 2. c4 g6 3. Nc3 Bg7 4. e4 d6 5. d4 O-O 6. Be2 e5 7. O-O Nc6 8. d5
Ne7 9. Ne1 Nd7 10. Be3 f5 11. f3 f4 12. Bf2 g5 13. a4 h5 (13... a5 $5) 14. a5
a6 15. b4 {otras posibilidades son Ca4 o Cd3} Nf6 16. c5 g4 17. cxd6 cxd6 18.
Na4 ({otra posibilidad es} 18. Rc1 Qe8 19. Na4 gxf3 20. Bxf3 Bg4 21. Nb6 Rb8
22. Qd3 Qg6 23. Kh1 Nc8 24. Nc2 Nxb6 25. axb6 Rf7 26. Na3 Ne8 27. Rc2 Bf6 28.
b5 a5 29. Nc4 Ra8 30. Ra2 a4 31. Rfa1 Rg7 32. Rxa4 Rc8 33. Nd2 Bxf3 34. Qxf3
Rc3 {0-1 Nazarenus,M-Bastian,M/Germany 2003} 35. Rg1 Rxf3) 18... Qe8 $2 {
Diagrama #} ({era necesario} 18... gxf3 19. Bxf3 Bg4 20. Nb6 Rb8) 19. Nb6 $18
Rb8 20. Nxc8 $2 {una jugada mecánica, pero ganaba} (20. Nc4 Qd8 21. Bb6 Qd7 22.
Ba7) 20... Rxc8 21. Bh4 $11 Qg6 22. fxg4 $6 (22. Qb1 $5) 22... hxg4 $6 (22...
Qxe4 $17 {haría caer al centro blanco}) 23. Bxf6 Rxf6 24. Bxg4 Rc4 25. Bf3 Rxb4
$11 26. Rb1 Rb5 $2 ({era necesario activar el juego con} 26... Rxe4 27. Rxb7 (
27. Bxe4 Qxe4 28. Rxb7 Nxd5 29. Qc2 Qd4+ 30. Kh1 e4 (30... Ne3 31. Qc7 Rg6 32.
Nc2 $16) 31. Rb8+ Bf8 $13) 27... Rd4 28. Qe2 Nf5) 27. Rxb5 axb5 28. Qb3 $18 Qe8
29. Nd3 Rh6 30. Rb1 Ng6 31. Qxb5 Qe7 32. Qxb7 Qh4 33. Qc8+ Bf8 34. h3 Qf6 35.
a6 Nh4 36. Qe6+ 1-0

[Event "XXXV Abierto Ciudad de Sevilla"]
[Site "?"]
[Date "2010.01.09"]
[Round "2"]
[White "Starostits, Ilmars"]
[Black "Duran Cuevas, Andres"]
[Result "1-0"]
[WhiteElo "2471"]
[BlackElo "2039"]
[PlyCount "53"]
[EventDate "2010.01.08"]
[SourceDate "2010.01.08"]

1. e4 d5 2. exd5 Qxd5 3. Nc3 Qd6 4. d4 a6 5. g3 Nc6 6. d5 Ne5 7. Bg2 Bf5 8. Bf4
f6 (8... g5 9. Bxg5 Bg7) 9. Qe2 $16 O-O-O 10. O-O-O Nh6 (10... g6) 11. Nf3 $18
Nhf7 12. Rhe1 Bg4 {Diagrama #} 13. Nxe5 Bxe2 14. Nxf7 Qd7 15. Rxe2 Rg8 16. d6
exd6 17. Nxd8 Kxd8 18. Bxb7 g5 19. Bd2 Rg7 20. Bxa6 c6 21. Nd5 Qf5 22. Ba5+ Kd7
23. Nb6+ Kc7 24. Nc4+ Kd7 25. Rxd6+ Bxd6 26. Bc8+ Kxc8 27. Nxd6+ 1-0

[Event "XXXV Abierto Ciudad de Sevilla"]
[Site "?"]
[Date "2010.01.09"]
[Round "2"]
[White "Mirzoev, Azer"]
[Black "Barrios Muñoz, Antonio"]
[Result "1-0"]
[WhiteElo "2594"]
[BlackElo "2131"]
[PlyCount "105"]
[EventDate "2010.01.08"]
[SourceDate "2010.01.08"]

1. d4 c5 2. d5 d6 3. Nc3 Nf6 4. e4 g6 5. Nf3 Bg7 6. Be2 O-O 7. O-O a6 8. a4
Nbd7 9. Bf4 h6 10. h3 b6 11. Re1 Qc7 12. Bf1 Ne5 13. Nd2 g5 14. Be3 Ng6 15. Nc4
Nd7 16. g3 Rd8 17. f4 f6 $2 (17... gxf4 18. gxf4 $14) 18. Kh2 Ndf8 19. f5 (19.
Qh5 Rb8 20. a5 b5 21. Nb6 {
y las casillas blancas del flanco de rey deben decidir}) 19... Ne5 20. Nxe5
dxe5 {el negro sólo dispone de la ruptura b5 que es fácilmente controlable; el
blanco puede maniobrar con tranquilidad en ambos flancos hasta encontrar una
penetración ganadora. Tampoco era mejor} (20... fxe5 21. h4 Nh7 22. hxg5 Nxg5
23. Bxg5 hxg5 24. Qh5 Bf6 25. Be2 Bd7 26. Qg6+ Kf8 27. Bh5 Be8 28. Qh6+ $18)
21. Qf3 Bd7 22. Qf2 Rdc8 23. Nb1 Be8 24. Nd2 Nd7 25. c3 Qd6 26. g4 a5 27. Bb5
Nb8 28. Qe2 Bf7 29. Kg2 Qc7 30. Rab1 Be8 31. Bxe8 Rxe8 32. Qb5 Na6 33. Nc4 Reb8
34. Red1 Bf8 35. Kf3 Qd8 36. Qb3 Kg7 37. h4 Nc7 38. hxg5 hxg5 39. Na3 Ne8 40.
Rd2 Nd6 41. Rh1 Qc7 42. Rdh2 Kf7 43. Rh7+ Bg7 44. R1h6 Rg8 45. Nb5 {Diagrama #}
Qd7 (45... Qd8) 46. Nxd6+ exd6 (46... Qxd6 47. Rg6 Rac8 48. Bxg5) 47. Qxb6 Rab8
48. Qc6 Qxc6 49. dxc6 Kf8 50. Bxg5 Bxh6 51. Bxh6+ Ke8 52. g5 fxg5 53. f6 1-0

[Event "XXXV Abierto Ciudad de Sevilla"]
[Site "?"]
[Date "2010.01.09"]
[Round "2"]
[White "Andersson, Ulf"]
[Black "Morales Barrera, Raul"]
[Result "1-0"]
[WhiteElo "2575"]
[BlackElo "2108"]
[PlyCount "73"]
[EventDate "2010.01.08"]
[SourceDate "2010.01.08"]

1. d4 Nf6 2. Nf3 g6 3. g3 b6 4. Bg2 Bb7 5. O-O Bg7 6. c4 O-O 7. Nc3 d6 8. d5 c6
9. Nd4 c5 10. Nc2 Nbd7 11. b3 a6 12. a4 Qc7 13. Bb2 Rae8 14. e4 e5 15. Ne3 Nh5
16. a5 {abriendo una vía de entrada en el flanco de dama} Bc8 17. axb6 Qxb6 18.
Na4 Qc7 19. Bc3 Bh6 20. Re1 Ndf6 21. b4 {segunda ruptura con el mismo fin} Nd7
22. bxc5 Nxc5 23. Nxc5 Qxc5 24. Ra5 Qc7 25. c5 Bxe3 (25... dxc5 26. d6 Qa7 27.
Qd5 $16) 26. Rxe3 {Diagrama # De Andersson se comenta que, incluso cuando
pierde, tiene las piezas bien colocadas. La cualidad de conservar la
coordinación entre sus piezas es un rasgo distintivo de su juego} f5 $2 (26...
dxc5 27. Bd2 $16) 27. exf5 $18 Qf7 (27... Bxf5 28. g4) 28. cxd6 Bxf5 29. Ra2 (
29. Rxe5 Rxe5 30. Bxe5 Bc8 31. Qd4) 29... Rb8 30. Ra1 Rb1 31. Rxb1 Bxb1 32. Re2
Qf5 33. d7 Bd3 34. d8=Q Rxd8 35. Rxe5 Bc2 36. Qe2 Bd3 37. Qe3 1-0

[Event "XXXV Abierto Ciudad de Sevilla"]
[Site "?"]
[Date "2010.01.09"]
[Round "2"]
[White "Peña Dieguez, Manuel"]
[Black "Korneev, Oleg"]
[Result "1/2-1/2"]
[WhiteElo "2095"]
[BlackElo "2573"]
[PlyCount "59"]
[EventDate "2010.01.08"]
[SourceDate "2010.01.08"]

{Comentarios de Peña} 1. e4 c5 2. Nf3 e6 3. d4 cxd4 4. Nxd4 a6 5. Bd3 Bc5 6.
Nb3 Be7 7. c4 d6 8. Nc3 Nf6 9. O-O b6 10. f4 Nbd7 11. Qe2 Bb7 12. Be3 Qc7 13.
Rae1 h5 14. Bc1 Nc5 15. Nxc5 bxc5 $6 ({Boletín: era interesante} 15... dxc5 16.
e5 Ng4 17. h3 Nh6 {seguido de g6 o 0-0-0} 18. Qxh5 (18. f5 O-O-O 19. fxe6 fxe6
$14) 18... O-O-O 19. Qe2 (19. Be4 Bxe4 20. Rxe4 Kb8 21. Ree1) 19... Kb8 {
y el negro puede explotar h, f5 y el Ab7}) 16. e5 Ng4 $2 (16... dxe5 17. fxe5
Nd7 18. Be4 Bxe4 19. Qxe4 $16) 17. h3 Nh6 18. f5 $18 Nxf5 (18... O-O-O 19. fxe6
fxe6 20. exd6 Qxd6 21. Qxe6+ Qxe6 22. Rxe6 $18 Bf6 23. Nd5) 19. Bxf5 exf5 20.
exd6 Qxd6 21. Rxf5 ({aún mejor} 21. Bg5 f6 22. Bf4 Qd4+ 23. Kh1 Qd8 24. Rd1 Qc8
25. Rfe1 $18) 21... Kf8 {Korneev ofrecio tablas que fueron rechazadas} 22. Re5
(22. Nd5) (22. Bf4 Qd7 23. Nd5 Re8 24. Re5 $18) 22... Re8 23. Bf4 Qd4+ 24. Kh1
Qd7 25. Nd5 Bxd5 26. cxd5 f6 27. Rxh5 $6 {Sigue la ventaja pero era mejor} (27.
Re6 Kf7 28. Rxa6 Bd8 29. Rd6 Qxd6 30. Bxd6 Rxe2 31. Rxe2 $18) 27... Rxh5 28.
Qxh5 Rd8 {Aquí ya ni siquiera valoré la posición y dada la diferencia de Elo y
los principios de apuros de reloj, decidí no seguir luchando} 29. Qh8+ (29. Rd1
Bd6 30. Bxd6+ Qxd6 31. Re1 Qd7 32. Re6 $16) 29... Kf7 30. Qh5+ {Diagrama #}
1/2-1/2

[Event "XXXV Abierto Ciudad de Sevilla"]
[Site "?"]
[Date "2010.01.09"]
[Round "2"]
[White "Bhat Vinay, S."]
[Black "Guerreiro Ricardo, Nuno"]
[Result "1-0"]
[WhiteElo "2544"]
[BlackElo "2076"]
[PlyCount "51"]
[EventDate "2010.01.08"]
[SourceDate "2010.01.08"]

1. d4 d5 2. c4 Nc6 3. Nc3 Nf6 4. Nf3 dxc4 5. Bg5 a6 6. d5 Na5 7. e4 e6 {
Carlos Ferrón prefirió 7...h6 contra Eslon 95 y Khenkhin 94, perdiendo en
ambas ocasiones} 8. Qc2 {Diagrama #} c6 $6 {Diagrama #} 9. d6 $6 (9. e5 h6 10.
Bh4 cxd5 (10... g5 11. Nxg5 Nxd5 12. Nxf7 Qxh4 13. Nxh8 $18) 11. exf6 gxf6 12.
O-O-O $16) 9... Bxd6 $2 (9... h6 10. Be3 (10. Bh4 g5 11. Bg3 Nh5 12. e5 Bg7 13.
Qe4 Nxg3 14. hxg3 Qb6 15. Rb1 Qc5 $14) 10... e5 11. O-O-O) 10. e5 $18 Be7 11.
exf6 gxf6 12. Bh6 f5 13. Rd1 Qc7 14. Bg7 Rg8 15. Be5 Qb6 16. g3 Bd7 17. Nd2 c5
18. Nxc4 Nxc4 19. Bxc4 Qc6 20. O-O f6 21. Bf4 Qf3 22. Rxd7 Kxd7 23. Rd1+ Kc6
24. Qa4+ b5 25. Bxb5+ Kb6 26. Be2 1-0

[Event "XXXV Abierto Ciudad de Sevilla"]
[Site "?"]
[Date "2010.01.09"]
[Round "2"]
[White "Barrera Martinez, Francisco"]
[Black "Franco Ocampos, Zenon"]
[Result "0-1"]
[WhiteElo "2073"]
[BlackElo "2535"]
[PlyCount "71"]
[EventDate "2010.01.08"]
[SourceDate "2010.01.08"]

1. d4 Nf6 2. c4 c5 3. e3 e6 4. Nf3 cxd4 5. exd4 d5 6. Nc3 Be7 7. Bd3 O-O 8. O-O
Nc6 9. Re1 (9. b3) 9... Nb4 10. Bf1 dxc4 11. Bxc4 b6 12. Ne5 Bb7 {si el negro
consolida el control de d5 podrá pasar, tras las simplificaciones, a un final
superior, pero esto desprotege e6} 13. Be3 ({era preferible intentar} 13. Nxf7
$5 Rxf7 14. Bxe6 Qe8 15. Qb3 Kf8 (15... Nc6 16. Be3 Na5 17. Qb5 Qxb5 18. Nxb5
Bd5 19. Bxf7+ Kxf7 20. Nc7 Rc8 21. Nxd5 Nxd5 22. Rac1 Rxc1 23. Rxc1) 16. Bg5
Bd6 17. d5) 13... Rc8 14. Bb3 a6 {
a partir de este instante la iniciativa es negra} 15. Qe2 Nbd5 16. Nxd5 Nxd5
17. Rac1 Qd6 18. Bc2 Nb4 19. Bb1 Qd5 20. f3 Qd6 21. Bf2 g6 22. a3 Nd5 23. Be4
Bg5 24. Rxc8 Rxc8 25. Kh1 Qd8 26. Nd3 Bf6 27. Rc1 Bg5 28. Rxc8 Qxc8 {el negro n
o tiene inconveniente en simplificar mientras permanezca el factor estratégico
que le garantiza un final superior} 29. Be1 Qc4 30. Bxd5 (30. Bf2 Bf6 $17)
30... Bxd5 31. Bc3 Qb5 32. Qd1 {Diagrama #} Bb3 {
0-1, el blanco abandonó; aún podía seguir algo más con} 33. Qe2 (33. Qb1 $2 Qf5
$19 {posiblemente el blanco no vió que el negro no gana pieza con}) 33... Bc4 {
debido a} 34. Qe5 {y si} Bxd3 $4 35. Qb8+ Kg7 36. Bb4 $18 0-1

[Event "XXXV Abierto Ciudad de Sevilla"]
[Site "?"]
[Date "2010.01.09"]
[Round "2"]
[White "Quesada Aguilera, Antonio"]
[Black "Rivas Pastor, Manuel"]
[Result "0-1"]
[WhiteElo "2065"]
[BlackElo "2531"]
[PlyCount "78"]
[EventDate "2010.01.08"]
[SourceDate "2010.01.08"]

1. d4 Nf6 2. c4 g6 3. Nc3 d5 4. cxd5 Nxd5 5. e4 Nxc3 6. bxc3 Bg7 7. Bc4 c5 8.
Ne2 O-O 9. O-O Nc6 10. Be3 Qc7 11. Rc1 Rd8 12. Qc2 Na5 13. Bb3 c4 (13... Nxb3)
14. Ba4 a6 15. Qb2 b5 16. Bc2 e5 17. Rcd1 Bd7 18. h3 $6 {es más activo} (18.
dxe5 Bxe5 19. f4 Bg7 (19... Bg4 20. Rde1 Bg7 21. Nd4) 20. Nd4) 18... Re8 (18...
exd4 $5 19. cxd4 Nc6 20. Qb1) 19. f4 exd4 20. cxd4 c3 21. Qc1 $6 (21. Qb1 Nc4
22. Bc1) 21... b4 (21... Nc4 $15) 22. f5 $5 Bb5 (22... gxf5 23. Bh6 Qc6 24.
Bxg7 Kxg7 25. Ng3 (25. e5 Qh6) 25... Qh6 26. Rf4) 23. fxg6 hxg6 {Diagrama #}
24. Nf4 $2 (24. Rf2 Nc4 25. e5) 24... Bxf1 $19 25. Nd5 Qa7 26. Kxf1 Rad8 27.
Bg5 Rxd5 $1 28. exd5 Qd7 29. Re1 Bxd4 30. Rxe8+ Qxe8 31. d6 Qb5+ 32. Ke1 Qe5+
33. Kf1 Qxd6 34. Qe1 Qd5 35. Qe8+ Kh7 36. Bd8 Nc4 37. Bb3 Qf5+ 38. Ke2 Qf2+ 39.
Kd3 Nb2+ 0-1

[Event "XXXV Abierto Ciudad de Sevilla"]
[Site "?"]
[Date "2010.01.09"]
[Round "2"]
[White "Campora Sivori, Daniel"]
[Black "Ortega Valle, Jose Ramon"]
[Result "1-0"]
[WhiteElo "2483"]
[BlackElo "2054"]
[PlyCount "79"]
[EventDate "2010.01.08"]
[SourceDate "2010.01.08"]

1. e4 c5 2. Nf3 d6 3. c3 Nf6 4. Bd3 Nc6 5. O-O g6 6. Re1 Bg7 7. Bc2 O-O 8. h3
e5 9. d3 d5 10. Nbd2 d4 11. Nc4 Ne8 12. Ba4 Nd6 13. Bg5 f6 14. Bb3 Nxc4 15.
Bxc4+ Kh8 16. Bd2 a5 17. cxd4 cxd4 18. a3 Qe7 19. Qb3 a4 20. Qa2 Re8 21. Rac1
Be6 22. Rc2 Bxc4 23. Qxc4 Qe6 24. Qb5 $14 Qb3 25. Qxb3 axb3 26. Rc5 {Diagrama #
} Na7 $6 (26... Nd8 $5 27. Rb5 Ne6 28. Kf1 (28. Rxb7 Nc5) 28... Rec8 29. Ke2
Rc2 30. Rxb3 Rac8 $14) 27. Rec1 b6 28. Rc7 $16 Nb5 29. R7c6 Ra6 30. Re6 Rd8 (
30... Rxe6 31. Rc8+ Bf8 32. Bh6) 31. Rcc6 Rb8 32. Bb4 Kg8 33. Nd2 f5 34. Nxb3
fxe4 35. dxe4 d3 36. Kf1 Rd8 37. Rxb6 Rxb6 38. Rxb6 Nd4 39. Nxd4 Rxd4 40. Rd6
1-0

[Event "XXXV Abierto Ciudad de Sevilla"]
[Site "?"]
[Date "2010.01.09"]
[Round "2"]
[White "Fernandez Ruiz, Manuel"]
[Black "Fernandez Romero, Ernesto"]
[Result "0-1"]
[WhiteElo "2062"]
[BlackElo "2458"]
[PlyCount "61"]
[EventDate "2010.01.08"]
[SourceDate "2010.01.08"]

1. d4 Nf6 2. c4 c5 3. Nf3 cxd4 4. Nxd4 g6 5. g3 Bg7 6. Bg2 O-O 7. Nc3 Nc6 8.
O-O Ng4 9. e3 d6 10. b3 Nxd4 11. exd4 Nh6 12. Bxh6 Bxh6 13. Qe2 Bg7 14. Rad1
Rb8 15. Rfe1 Re8 16. Qf3 Bd7 17. Nd5 Bc6 18. Qd3 a6 19. Ne3 Rc8 20. Bh3 Rc7 21.
a4 Qb8 22. d5 Bd7 23. Bxd7 Rxd7 24. Re2 b5 25. axb5 axb5 26. cxb5 Rb7 27. Nc4
Rxb5 28. Re3 Bf6 29. Rf3 Kg7 {Diagrama #} 30. Rxf6 $2 Rxb3 $1 {No valía} (30...
exf6 31. Nxd6 Qxd6 32. Qxb5 $16) ({ni} 30... Kxf6 $4 31. Qd4+ $18 {y el blanco
decidió abandonar. Podría seguir 31.Dc2 exf6 32.Cxd6 Te7 o 31.Txf7+ Rxf7 32.
De4 Dc8}) 31. Rxf7+ 0-1

[Event "XXXV Abierto Ciudad de Sevilla"]
[Site "?"]
[Date "2010.01.09"]
[Round "2"]
[White "Berbatov, Kiprian"]
[Black "Gaitan Ramirez, Alfonso"]
[Result "1-0"]
[WhiteElo "2455"]
[BlackElo "2038"]
[PlyCount "105"]
[EventDate "2010.01.08"]
[SourceDate "2010.01.08"]

1. e4 e6 2. d4 d5 3. Nd2 dxe4 4. Nxe4 Nd7 5. Nf3 Ngf6 6. Nxf6+ Nxf6 7. Bg5 c5
8. Bb5+ Bd7 9. Bxd7+ Qxd7 10. Qe2 cxd4 11. O-O-O Bc5 12. Qe5 Qe7 13. Nxd4 O-O
14. Rhe1 Bxd4 (14... Rac8 15. Nf5 Qc7) 15. Rxd4 $16 Rfc8 (15... Rfd8) 16. Bxf6
{Diagrama #} gxf6 $2 (16... Qxf6 17. Qxf6 gxf6 $14) 17. Rg4+ Kh8 18. Qf4 Rg8
19. Rg3 Rg6 20. Ree3 Rxg3 21. Rxg3 Rg8 22. Rxg8+ Kxg8 23. Qb8+ Kg7 24. Qxa7 Qc7
25. g3 Qc6 26. b3 Qh1+ 27. Kb2 Qxh2 {Diagrama #} 28. a4 Qg2 29. Qc5 Qe4 30. a5
f5 31. c4 e5 32. Ka3 f4 33. g4 f6 34. Qc8 Qh1 35. c5 Qa1+ 36. Kb4 Qe1+ 37. Kb5
Qf1+ 38. Kb6 Qa6+ 39. Kc7 Qxa5+ 40. Kxb7 Qb5+ 41. Ka8 Qa5+ 42. Kb8 Kg6 43. Qf5+
Kg7 44. Qd7+ Kg6 45. c6 Qb6+ 46. Kc8 Qxb3 47. c7 Qg8+ 48. Kb7 Qb3+ 49. Kc6 Qc4+
50. Kd6 Qb4+ 51. Ke6 Qc4+ 52. Ke7 Qf7+ 53. Kd8 1-0

[Event "XXXV Abierto Ciudad de Sevilla"]
[Site "?"]
[Date "2010.01.09"]
[Round "2"]
[White "Coimbra, Margarida"]
[Black "Spraggett, Kevin"]
[Result "0-1"]
[WhiteElo "2109"]
[BlackElo "2586"]
[PlyCount "66"]
[EventDate "2010.01.08"]
[SourceDate "2010.01.08"]

1. e4 c5 2. c3 b6 3. d4 Bb7 4. Nd2 g6 5. Bd3 Bg7 6. Ne2 cxd4 7. cxd4 Nf6 8. Nc3
O-O 9. O-O d6 10. Nf3 Nc6 11. h3 e6 12. Be3 h6 13. Qd2 Kh7 14. Rac1 Ne7 15. Qe2
a6 16. Rfd1 b5 17. a3 Rc8 18. Bb1 Ba8 19. e5 Nfd5 20. exd6 Nxc3 21. Rxc3 Qxd6
22. Rc5 Nd5 23. Rdc1 Rcd8 24. Bd2 Nb6 25. Bb4 Qf4 {Diagrama #} 26. Rc7 $2 (26.
Qe3) 26... Nc4 $19 27. R7xc4 bxc4 28. Rxc4 Rfe8 29. d5 Qb8 30. dxe6 Rxe6 31.
Qc2 Rde8 32. Bc3 Be4 33. Qc1 Bxf3 0-1

[Event "XXXV Abierto Ciudad de Sevilla"]
[Site "?"]
[Date "2010.01.09"]
[Round "2"]
[White "Hickl, Joerg"]
[Black "Montero Campuzano, Rafael"]
[Result "1-0"]
[WhiteElo "2572"]
[BlackElo "2089"]
[PlyCount "59"]
[EventDate "2010.01.08"]
[SourceDate "2010.01.08"]

1. g3 c5 2. Bg2 Nc6 3. Nf3 g6 4. c3 Bg7 5. O-O e5 6. d3 Nge7 7. a3 b6 8. b4 a6
9. Nbd2 d5 10. Rb1 cxb4 11. axb4 O-O 12. Bb2 Ra7 13. c4 Nd4 14. cxd5 Nxd5 15.
Nc4 Bg4 16. Re1 (16. Ncxe5 Bxe5 17. Nxd4) 16... Bxf3 17. exf3 Nb5 18. Qb3 Nd4
19. Qd1 Rc7 20. Nxe5 Nxb4 $6 (20... Nc2 21. Re2 Ncxb4) 21. Re4 $6 (21. Bxd4
Qxd4 22. Re4 Qc3 23. Rexb4 Bxe5 24. Rxb6 $14) 21... Nbc2 22. f4 (22. Rc1) 22...
f5 23. Bxd4 Nxd4 24. Re1 {Diagrama #} Rc2 $2 (24... b5 $15) 25. Rb4 Rc3 $2 (
25... Rc8) 26. Qa1 $18 Bxe5 27. Rxe5 Qc7 28. Qa2+ Nb3 29. Rxb3 Rc1+ 30. Bf1 1-0

[Event "XXXV Abierto Ciudad de Sevilla"]
[Site "?"]
[Date "2010.01.09"]
[Round "2"]
[White "Rizouk, Aimen"]
[Black "Perera Borrego, Mariela"]
[Result "1-0"]
[WhiteElo "2532"]
[BlackElo "2065"]
[PlyCount "91"]
[EventDate "2010.01.08"]
[SourceDate "2010.01.08"]

1. e4 d6 2. d4 Nf6 3. Nc3 e5 4. Nf3 Nbd7 5. Bc4 Be7 6. O-O O-O 7. Re1 c6 8. a4
b6 9. Ba2 a6 10. Be3 Rb8 11. Nh4 exd4 12. Bxd4 Nc5 13. Nf3 Be6 (13... Ne6) 14.
b4 $16 Nb7 15. Bxe6 fxe6 16. Qe2 {Diagrama #} c5 $2 (16... e5 17. Be3 b5) 17.
bxc5 bxc5 18. Bxf6 gxf6 19. Qxa6 $16 Qa5 20. Qd3 Nd8 21. Nd2 Nc6 22. Nc4 Qa6
23. Nb5 Nb4 24. Qd1 Rfd8 25. c3 Nc6 26. Qg4+ Kf7 27. Qh5+ Kg8 28. Qh3 Qc8 29.
Rad1 d5 30. Ncd6 Bxd6 31. Nxd6 Qd7 32. exd5 Qxd6 33. Qg4+ Kh8 34. dxc6 Qxc6 35.
Rxd8+ Rxd8 36. h3 Rg8 37. Qe4 Qxe4 38. Rxe4 Re8 39. a5 Kg7 40. a6 Kf7 41. a7
Ra8 42. Ra4 h6 43. Kf1 Ke7 44. Ra6 e5 45. Ke2 h5 46. Kd3 1-0

[Event "XXXV Abierto Ciudad de Sevilla"]
[Site "?"]
[Date "2010.01.09"]
[Round "2"]
[White "Matamoros Franco, Carlos"]
[Black "Justiniano Marquez, Marco"]
[Result "1-0"]
[WhiteElo "2545"]
[BlackElo "2077"]
[PlyCount "123"]
[EventDate "2010.01.08"]
[SourceDate "2010.01.08"]

1. Nf3 Nf6 2. c4 c6 3. d4 d5 4. Qc2 g6 5. Bf4 Bg7 6. e3 Bf5 7. Bd3 Bxd3 8. Qxd3
Qa5+ 9. Nc3 dxc4 10. Qxc4 Nd5 11. Bg3 Nb6 12. Qe2 Qa6 13. Rc1 Qxe2+ 14. Kxe2
N8d7 15. Rc2 O-O 16. Ne4 Nd5 17. a3 h6 18. Nc5 Nxc5 19. Rxc5 Nf6 20. Rc2 Ne4
21. Be5 e6 22. Bxg7 Kxg7 23. Ne5 Rfd8 24. Nd3 Nd6 25. Nc5 Rab8 26. b4 Ne8 27.
Rd1 Nc7 28. a4 a6 29. e4 Kf6 30. Rdd2 Ke7 31. Ke3 f6 32. f3 h5 33. g3 Kf7 34.
h3 {Diagrama #} f5 $2 (34... h4) 35. g4 hxg4 (35... g5 $5) 36. hxg4 g5 37. Rh2
$18 f4+ 38. Kd3 Kg6 39. Kc3 b6 40. Nd3 Rh8 41. Ne5+ Kg7 42. Rxh8 Rxh8 43. Kb3
c5 44. bxc5 b5 45. axb5 Nxb5 46. Rd2 Rb8 47. Ka4 Nc7 48. Rd3 Rb1 49. Rb3 Ra1+
50. Kb4 Nb5 51. Rd3 Kf6 52. c6 Ke7 53. Kc5 Nc7 54. Kb6 Ne8 55. Rc3 Kd8 56. Nf7+
Kc8 57. d5 exd5 58. exd5 Nc7 59. d6 Nd5+ 60. Kc5 Ra5+ 61. Kd4 Nxc3 62. d7+ 1-0

[Event "XXXV Abierto Ciudad de Sevilla"]
[Site "?"]
[Date "2010.01.10"]
[Round "3"]
[White "Cabrera Trujillo, Jorge Juan"]
[Black "Mirzoev, Azer"]
[Result "0-1"]
[WhiteElo "2384"]
[BlackElo "2594"]
[PlyCount "64"]
[EventDate "2010.01.08"]
[SourceDate "2010.01.08"]

1. e4 e5 2. Nf3 Nc6 3. Bb5 a6 4. Ba4 Nf6 5. O-O Be7 6. Re1 b5 7. Bb3 d6 8. c3
O-O 9. h3 a5 10. d3 (10. d4) 10... a4 11. Bc2 Bd7 (11... Be6 12. Nbd2 d5 13.
exd5 Qxd5 14. Qe2 Rfe8 {= Borsany-Bernstein, cr 1963}) 12. Nbd2 Re8 (12... Qb8
13. d4 Qb7 14. Nf1 exd4 15. cxd4 Nb4 16. Bb1 Rad8 17. Ng3 Rfe8 18. Bd2 Na6 19.
e5 {-> Ehlvest-Nikolic,Pr., Reykjavik 1988}) 13. Nf1 Bf8 {
la principal alternativa es 13...h6} 14. Bg5 (14. d4 $14) 14... h6 15. Bd2 d5
$11 16. Ng3 (16. exd5 Nxd5 17. a3 Nf6 18. Ng3 Bd6 19. Nh4 Ne7 20. Qf3 Bc6 21.
Ne4 Nxe4 22. dxe4 Ng6 23. Nf5 Nh4 24. Qg4 Nxf5 25. exf5 Qf6 26. Be4 Bc5 27. Re2
Rad8 28. Rae1 Bd5 29. Bxd5 {1/2-1/2 Kruppa,Y-Zaitsev,I/Minsk 1993}) 16... Be6
17. Qe2 Qb8 {Diagrama #} 18. Nxe5 $2 Nxe5 19. f4 dxe4 $6 ({era posible} 19...
Nc6 20. e5 Qb6+ 21. d4 (21. Kh1 Nh7 22. f5 Bd7 23. d4 Na5 $19) 21... Nd7 (21...
Nh7 22. Qd3 g6 23. f5) 22. f5 Ncxe5 23. fxe6 Rxe6 $17) 20. fxe5 exd3 21. Bxd3 (
21. Qxd3 Bc5+ 22. Kh1 Rd8 23. Qe2 Nd7 $13) 21... Nd7 22. Bxb5 $6 (22. Bf4 Qb6+
23. Kh2 c6) 22... c6 $17 23. Bd3 Qxb2 24. Reb1 $2 (24. a3) 24... Qa3 25. Qe4 g6
{el blanco no solo tiene atacado a2, también Cxe5 seguido de Af5 es una amenaza
} 26. Qxc6 $2 Nxe5 $19 27. Qb5 Qc5+ 28. Kh2 Nxd3 29. Qxd3 Rad8 30. Qc2 Bd6 31.
Rf1 Qc7 32. Be1 h5 0-1